000 01508 a2200229 4500
001 25017
005 20260407155533.0
008 260407a1948 arg spa d
003 AR-UNSa-BCEJYS
040 _aAR-UNSa-BCEJYS
_bspa
_cAR-UNSa-BCEJYS
080 _a519.2
_xProbabilidades y estadística matemática
245 1 0 _aEstadística general aplicada
264 1 _aMéxico :
_bFondo de Cultura Económica
_c1948
300 _a710 p.
_c22 cm.
505 _a1. Introducción - 2. Datos estadísticos - 3. Cuadros estadísticos - 4. Representación gráfica - 5. Representación gráfica (el diagrama semilogaritmico o de razones) - 6. Representación gráfica ( Otros tipos de gráficas) - 7. Razones y porcientos - 8. La distribución de frecuencias - 9. Medidas de tendencias central - 10. Disperción y asimetria - 11. Descripción de una distribución de frecuencias por medio de una curva ajustada - 12. Exactitud e importancia de las medidas estadísticas - 13. El problema de las series cronológicas - 14. Análisis de las series cronológicas - 15. Movimientos periódicos - 16. Movimientos ciclicos - 17. Principios fundamentales de la construcción de números indices - 18. Teoría y práctica de los números indices - 19. Correlación simple - 20. Correlación de series cronológicas - Apéndice.
942 _cBK
590 _aniveau_biblio:m niveau_hierar:0
100 1 _aCroxton, Frederick E.
700 1 _aCowden, Dudley J.
700 1 _aOrtiz, Teodoro
700 1 _aBravo, Manuel
999 _c1262
_d1262